Proexportná politika SR zameraná na zahraničné investície diplomová práca

Enregistré dans:
Détails bibliographiques
Auteur principal: Kuchárová, Ivana
Collectivité auteur: Obchodná fakulta EU. Katedra medzinárodného obchodu
Autres auteurs: Rosenberg, Miloslav
Format: Livre
Langue:slovaque
Publié: Bratislava 2008
Tags: Ajouter un tag
Pas de tags, Soyez le premier à ajouter un tag!

MARC

LEADER 00000nam$a2200000$$$4500
001 0085824
005 20240201120203.0
041 0 |a slo 
044 |a SK 
245 1 0 |a Proexportná politika SR zameraná na zahraničné investície  |b diplomová práca  |c Ivana Kuchárová ; škol. Miloslav Rosenberg 
264 1 |a Bratislava  |c 2008 
300 |a 107 s. 
100 1 |a Kuchárová, Ivana 
700 1 |a Rosenberg, Miloslav 
710 2 |a Obchodná fakulta EU. Katedra medzinárodného obchodu